LEADER 01542nam0 2200385 i 450 001 SUN0123491 005 20200414084417.795 010 $d0.00 017 70$2N$a9783319586137 100 $a20190923d2017 |0engc50 ba 101 $aeng 102 $aCH 105 $a|||| ||||| 200 1 $a*Light-Emitting Electrochemical Cells$eConcepts, Advances and Challenges$fRubén D. Costa 205 $aCham : Springer, 2017 210 $a371 p.$cill. ; 24 cm 215 $aPubblicazione in formato elettronico 620 $aCH$dCham$3SUNL001889 676 $a621.366$cFisica applicata. Laser spettroscopia$v22 676 $a621.36$cIngegneria ottica. Ottica applicata$v22 676 $a530.417$cFisica superficiale$v22 676 $a535.2$cOttica fisica$v22 676 $a541.37$cElettrochimica e magnetochimica$v22 676 $a620.1$cScienza dei materiali$v22 676 $a530.4175$cFilm sottili$v22 676 $a621.365$cFotonica$v22 700 1$aCosta$b, Rubén D.$3SUNV094931$0767152 712 $aSpringer$3SUNV000178$4650 790 1$aCosta, R. D.$zCosta, Rubén D.$3SUNV103523 801 $aIT$bSOL$c20200921$gRICA 856 4 $uhttps://link.springer.com/book/10.1007%2F978-3-319-58613-7#toc 912 $aSUN0123491 950 $aUFFICIO DI BIBLIOTECA DEL DIPARTIMENTO DI SCIENZE E TECNOLOGIE AMBIENTALI BIOLOGICHE E FARMACEUTICHE$d17CONS e-book 2111 $e17BIB2111 107 20190923 996 $aLight-Emitting Electrochemical Cells$91561681 997 $aUNICAMPANIA LEADER 02131nam 2200445z- 450 001 9910557569303321 005 20211118 035 $a(CKB)5400000000043933 035 $a(oapen)https://directory.doabooks.org/handle/20.500.12854/73532 035 $a(oapen)doab73532 035 $a(EXLCZ)995400000000043933 100 $a20202111d2020 |y 0 101 0 $aeng 135 $aurmn|---annan 181 $ctxt$2rdacontent 182 $cc$2rdamedia 183 $acr$2rdacarrier 200 00$aCurrent Issues in Perceptual Training: Facing the Requirement to Couple Perception, Cognition, and Action in Complex Motor Behavior 210 $cFrontiers Media SA$d2020 215 $a1 online resource (145 p.) 311 08$a2-88963-377-2 330 $aThis eBook is a collection of articles from a Frontiers Research Topic. Frontiers Research Topics are very popular trademarks of the Frontiers Journals Series: they are collections of at least ten articles, all centered on a particular subject. With their unique mix of varied contributions from Original Research to Review Articles, Frontiers Research Topics unify the most influential researchers, the latest key findings and historical advances in a hot research area! Find out more on how to host your own Frontiers Research Topic or contribute to one as an author by contacting the Frontiers Editorial Office: frontiersin.org/about/contact 517 $aCurrent Issues in Perceptual Training 606 $aPsychology$2bicssc 606 $aScience: general issues$2bicssc 610 $alearning 610 $aperception-action coupling 610 $aperformance 610 $asport science 610 $atransfer 615 7$aPsychology 615 7$aScience: general issues 700 $aKlostermann$b André$4edt$01279267 702 $aMann$b David$4edt 702 $aKlostermann$b André$4oth 702 $aMann$b David$4oth 906 $aBOOK 912 $a9910557569303321 996 $aCurrent Issues in Perceptual Training: Facing the Requirement to Couple Perception, Cognition, and Action in Complex Motor Behavior$93014976 997 $aUNINA